000 00791cam a2200253 i 4500
999 _c27504
_d27504
001 439553
003 ARRUPE
005 20170607120818.0
008 820304s1978 enk 000 0beng
010 _a 81471418
015 _aGB79-03321
020 _a0722311826 :
_c£1.50
040 _aDLC
_cDLC
_dDLC
043 _af-gh---
050 0 0 _aDT512.3.N57
_bA78 1978
082 0 0 _a966.7/05/0924
_aB
_219
100 1 _aAssensoh, A. B.
_932227
245 1 0 _aKwame Nkrumah :
_bsix years in exile, 1966-1972 /
_c[by] A.B. Assensoh.
260 _aIlfracombe :
_bStockwell,
_c1978.
300 _a68 p. ;
_c18 cm.
600 1 0 _aNkrumah, Kwame,
_d1909-1972.
_932228
650 0 _aPresidents
_zGhana
_xBiography.
_932229
906 _a7
_bcbc
_corignew
_d4
_encip
_f19
_gy-gencatlg
942 _2lcc
_cMONOGRAPH